Nemáme už nijaké hranice (rozhovor s Jeanom Baudrillardom)

Bibliographic Details
Main Authors: Sutton, Paul (ain), Baudrillard, Jean, 1929-2007 (Author)
Other Authors: Marko, Lech L. (Translator)
Format: Article
Language:Slovak
Subjects:

MARC

LEADER 00000nab a2200000 a 4500
001 vtls000680431
003 SK-MaSNL
005 20260304095754.0
008 250425c1998 xo 0 slo
015 |a SNBRB1999/01-01297 
035 |a CLN000032599 
035 |a urn:nbn:sk:snk-ab9cum 
035 |a (urnnbn)urn:nbn:sk:snk:ar-a089ey 
035 |a (uuid)5c6f28b1-4e68-4270-bdb0-114c01c9a59f 
040 |a SNKBUCL  |b slo  |c SNKBUCL  |e AACR2 
041 0 |a slo 
044 |a xo  |c SK 
080 |a 1-051(44)  |2 1997 
080 |a 130.2  |2 1997 
100 1 |a Sutton, Paul  |4 ain  |9 1393285 
245 1 0 |a Nemáme už nijaké hranice (rozhovor s Jeanom Baudrillardom)  |c rozprával sa Paul Sutton z londýnskeho literárneho časopisu "Stone Soup" ; preložil Lech L. Marko 
600 1 7 |a Baudrillard, Jean,  |d 1929-2007  |2 snkbucl  |9 107455 
655 7 |a články z novín a časopisov  |2 snkbucl  |9 267496 
700 1 |a Marko, Lech L.  |4 trl  |9 1100117 
700 1 |a Baudrillard, Jean,  |d 1929-2007  |4 aut  |9 107455 
773 0 |t Fragment  |g Roč. 12, č. 3-4 (1998), s. 145-155 
850 |a Slovenská národná knižnica 
852 |a Slovenská národná knižnica 
958 |a article13 
958 |a OND 
958 |a FR 
992 |a RBX 
999 |c 2834329  |d 2836259